000 00290nam a22001337a 4500
008 210226b ||||| |||| 00| 0 eng d
041 _aeng
080 _22nd
_a573
082 _a573
100 _a11
101 _aBIO
245 _aBiology and Human Rights
_cSapolsky, R
942 _2udc
_cBK
999 _c55287
_d55287